| 000 | 01215cam a22003134a 4500 | ||
|---|---|---|---|
| 001 | 33046 | ||
| 003 | BD-RjUL | ||
| 005 | 20211209051933.0 | ||
| 008 | 140429s19591890 ii 000 0 eng | ||
| 035 | _a(BD-RjUL)33136 | ||
| 040 |
_aDLC _cDLC _dDLC _beng |
||
| 041 | 1 |
_aeng _hara |
|
| 082 |
_a297.3 _bRUA 1959 |
||
| 100 | 1 |
_aSajāwandī, Sirāj al-Dīn Muḥammad ibn Muḥammad, _dactive 12th century. _9100394 |
|
| 245 | 1 | 3 |
_aAl Sirajiyyah, or, the Mahommedan law of inheritance / _creprinted from the translation of Sir William Jones, published at Calcutta in 1792; with notes and appendix by Almaric Rumsey. |
| 246 | 3 | 0 | _aSirajiyyah |
| 246 | 3 | 0 | _aMahommedan law of inheritance |
| 250 | _a3rd ed. rev. with additions. | ||
| 260 |
_aCalcutta : _bThacker, Spink, _c1890 [Impression 1959] |
||
| 300 |
_a112 p. ; _c20 cm. |
||
| 650 | 0 |
_aInheritance and succession (Islamic law) _vEarly works to 1800. _9100395 |
|
| 650 | 0 |
_aHanafites _vEarly works to 1800. _9100396 |
|
| 700 | 1 |
_aJones, William, _cSir, _d1746-1794. _9100421 |
|
| 700 | 1 |
_aRumsey, Almaric, _d1825-1899. _9100398 |
|
| 942 |
_2ddc _cBK |
||
| 999 |
_c33046 _d33046 |
||